[Event "Belgrade Trophy 30th"]
[Site "Belgrade"]
[Date "2016.11.26"]
[Round "3"]
[White "Zivanovic, Dragoslav"]
[Black "Maric, Dragan"]
[Result "0-1"]
[WhiteElo "1889"]
[BlackElo "2192"]
[PlyCount "63"]
[EventDate "2016.11.24"]
[EventType "swiss"]
[EventRounds "9"]
[EventCountry "SRB"]
[SourceTitle "CBM 175 Extra"]
[Source "ChessBase"]
[SourceDate "2016.12.12"]
[SourceVersion "1"]
[SourceVersionDate "2016.12.12"]
[SourceQuality "1"]

1. e4 c5 2. Nf3 e6 3. d4 cxd4 4. Nxd4 Nf6 5. Bg5 Qa5+ 6. Qd2 Bb4 7. c3 Nxe4 8. cxb4 Qxg5 9. Qxg5 Nxg5 10. Nb5 Na6 11. Nd6+ Ke7 12. Bxa6 bxa6 13. h4 Nf3+ 14. gxf3 Kxd6 15. Nc3 Bb7 16. Ne4+ Ke7 17. Ke2 Bxe4 18. fxe4 Rhb8 19. a3 a5 20. b3 axb4 21. a4 Rc8 22. Rhg1 Kd8 23. Rac1 g6 24. Rc4 Rxc4 25. bxc4 Rc8 26. Kd3 b3 27. a5 h5 28. e5 b2 29. Rb1 a6 30. Kc3 Rb8 31. Rxb2 Rxb2 32. Kxb2 0-1

[Event "Belgrade Trophy 30th"]
[Site "Belgrade"]
[Date "2016.11.25"]
[Round "2"]
[White "Pantic, Milenko"]
[Black "Zivanovic, Dragoslav"]
[Result "0-1"]
[WhiteElo "1474"]
[BlackElo "1889"]
[PlyCount "43"]
[EventDate "2016.11.24"]
[EventType "swiss"]
[EventRounds "9"]
[EventCountry "SRB"]
[SourceTitle "CBM 175 Extra"]
[Source "ChessBase"]
[SourceDate "2016.12.12"]
[SourceVersion "1"]
[SourceVersionDate "2016.12.12"]
[SourceQuality "1"]

1. d3 d5 2. Nf3 Nc6 3. e3 Bg4 4. Nbd2 e5 5. Be2 Nf6 6. h3 Bh5 7. 0-0 Bd6 8. Nh2 Bxe2 9. Qxe2 e4 10. d4 0-0 11. Re1 Ne7 12. f3 Ng6 13. Ng4 Nxg4 14. hxg4 Qh4 15. Nf1 Rae8 16. Qf2 f5 17. Qxh4 Nxh4 18. fxe4 Rxe4 19. gxf5 Rg4 20. Re2 Rxf5 21. Bd2 Nf3+ 22. Kf2 0-1

[Event "SRB-ch sf"]
[Site "Belgrade"]
[Date "2016.03.26"]
[Round "6"]
[White "Petrovic, Sreten"]
[Black "Zivanovic, Dragoslav"]
[Result "0-1"]
[WhiteElo "1776"]
[BlackElo "1888"]
[PlyCount "80"]
[EventDate "2016.03.21"]
[EventType "swiss"]
[EventRounds "9"]
[EventCountry "SRB"]
[SourceTitle "CBM 171 Extra"]
[Source "ChessBase"]
[SourceDate "2016.04.26"]
[SourceVersion "1"]
[SourceVersionDate "2016.04.26"]
[SourceQuality "1"]

1. c4 Nf6 2. Nc3 e6 3. g3 d5 4. cxd5 exd5 5. d4 c6 6. Bg2 Bf5 7. Nf3 Bd6 8. 0-0 Nbd7 9. a3 h6 10. b4 0-0 11. Bb2 Nb6 12. Nd2 Re8 13. Re1 Qd7 14. f3 a5 15. e4 axb4 16. axb4 Rxa1 17. Bxa1 Qe7 18. Qe2 dxe4 19. fxe4 Bg4 20. Qf2 Bxb4 21. Qf4 Qd7 22. Qf2 Rd8 23. d5 Qe7 24. Nb3 Nbd7 25. h3 Nc5 26. Nd4 Nd3 27. Qd2 Nxe1 28. Qxe1 Bd7 29. Qe3 Nxd5 30. Nxd5 cxd5 31. Qb3 dxe4 32. Kh2 Bc6 33. Nf5 Qe6 34. Qb2 f6 35. Ne3 Bc5 36. Qe2 Bxe3 37. Qxe3 Rd3 38. Qf4 Qd6 39. Qg4 e3 40. Qc8+ Kf7 0-1

[Event "SRB-ch sf"]
[Site "Belgrade"]
[Date "2016.03.22"]
[Round "2"]
[White "Aleksic, Neven"]
[Black "Zivanovic, Dragoslav"]
[Result "1-0"]
[WhiteElo "2118"]
[BlackElo "1888"]
[PlyCount "67"]
[EventDate "2016.03.21"]
[EventType "swiss"]
[EventRounds "9"]
[EventCountry "SRB"]
[SourceTitle "CBM 171 Extra"]
[Source "ChessBase"]
[SourceDate "2016.04.26"]
[SourceVersion "1"]
[SourceVersionDate "2016.04.26"]
[SourceQuality "1"]

1. d4 Nf6 2. c4 e6 3. Nf3 Bb4+ 4. Bd2 Be7 5. Nc3 d5 6. cxd5 exd5 7. Bg5 h6 8. Bh4 c6 9. Qc2 Nbd7 10. e3 Qc7 11. Bd3 Bd6 12. 0-0 a6 13. e4 dxe4 14. Nxe4 Nxe4 15. Bxe4 g5 16. Bg3 Nf6 17. Bf5 0-0 18. Bxc8 Raxc8 19. Qf5 Nh5 20. Rae1 Rce8 21. Be5 Bxe5 22. Nxe5 Re6 23. Re3 Ng7 24. Qd3 Rfe8 25. Rfe1 Qa5 26. a3 f6 27. b4 Qd5 28. Ng4 Rxe3 29. fxe3 Kf7 30. Nxh6+ Ke6 31. Qg6 Qd7 32. Rf1 Rf8 33. Ng4 Qf7 34. Rxf6+ 1-0

[Event "Belgrade tt Cup"]
[Site "Belgrade"]
[Date "2015.04.24"]
[Round "4.3"]
[White "Zivanovic, Dragoslav"]
[Black "Nikolic, Momcilo"]
[Result "0-1"]
[WhiteElo "1878"]
[BlackElo "2221"]
[PlyCount "90"]
[EventDate "2015.04.20"]
[EventType "team-swiss"]
[EventRounds "5"]
[EventCountry "SRB"]
[SourceTitle "CBM 166 Extra"]
[Source "ChessBase"]
[SourceDate "2015.06.18"]
[SourceVersion "1"]
[SourceVersionDate "2015.06.18"]
[SourceQuality "1"]
[WhiteTeam "Vreoci Turbina"]
[BlackTeam "Politika"]
[WhiteTeamCountry "SRB"]
[BlackTeamCountry "SRB"]

1. e4 e5 2. Nf3 Nc6 3. Bb5 Nf6 4. 0-0 Bc5 5. c3 0-0 6. d4 Bb6 7. Bg5 h6 8. Bh4 d6 9. Bxc6 bxc6 10. dxe5 dxe5 11. Qxd8 Rxd8 12. Nxe5 g5 13. Nxc6 Ba6 14. Nxd8 Rxd8 15. Bg3 Nxe4 16. Na3 Bxf1 17. Kxf1 Nxg3+ 18. hxg3 Rd2 19. Kg1 Rxf2 20. Nc4 Rxb2+ 21. Nxb6 axb6 22. a4 Rc2 23. Ra3 Kg7 24. g4 Kg6 25. Kh2 h5 26. gxh5+ Kxh5 27. Kg3 f5 28. Kf3 g4+ 29. Kf4 Rxg2 30. Kxf5 Rf2+ 31. Ke4 g3 32. Ke3 Rf7 33. Ra1 Kg4 34. Rg1 Re7+ 35. Kd2 Kh3 36. Rh1+ Kg2 37. Rh6 Kf1 38. c4 Re4 39. Kd3 Rf4 40. c5 g2 41. cxb6 cxb6 42. Rxb6 Kf2 43. Rb2+ Kg3 44. Rb7 g1Q 45. Rg7+ Rg4 0-1

[Event "Belgrade Trophy 25th"]
[Site "Obrenovac"]
[Date "2011.12.01"]
[Round "8"]
[White "Milutinovic, Dejan D"]
[Black "Zivanovic, Dragoslav"]
[Result "1-0"]
[WhiteElo "2110"]
[BlackElo "1910"]
[PlyCount "95"]
[EventDate "2011.11.24"]
[EventType "swiss"]
[EventRounds "9"]
[EventCountry "YUG"]
[SourceTitle "CBM 145 Extra"]
[Source "ChessBase"]
[SourceDate "2012.01.03"]
[SourceVersion "1"]
[SourceVersionDate "2012.01.03"]
[SourceQuality "1"]

1. Nf3 e6 2. b3 d5 3. Bb2 c5 4. e3 Nf6 5. d4 Nc6 6. Nbd2 cxd4 7. exd4 Be7 8. Be2 Qc7 9. 0-0 0-0 10. c4 Bd7 11. Rc1 Rac8 12. Ne5 Qb6 13. Nxd7 Nxd7 14. c5 Qd8 15. f4 Bf6 16. Nf3 b6 17. Ba6 Rc7 18. cxb6 axb6 19. Bb5 Ne7 20. Qd2 Nb8 21. Ba3 Ra7 22. Bb4 Na6 23. Bc3 Nc7 24. Bd3 g6 25. a4 Bg7 26. Bb4 Qd7 27. Ne5 Bxe5 28. fxe5 Rc8 29. Qh6 Nf5 30. Qf4 Ne8 31. Bb5 Qd8 32. Rxc8 Qxc8 33. g4 Nfg7 34. a5 bxa5 35. Bc5 Rc7 36. Bb6 Re7 37. Bc5 Rc7 38. Bd6 Ra7 39. Rc1 Qd8 40. Bc5 Rc7 41. Rf1 f5 42. exf6 Rf7 43. Be7 Qc7 44. Qxc7 Nxc7 45. Rc1 Rxe7 46. fxe7 Nge8 47. Bxe8 Nxe8 48. Rf1 1-0

[Event "Belgrade op"]
[Site "Belgrade"]
[Date "2009.11.24"]
[Round "1"]
[White "Zivanovic, Dragoslav"]
[Black "Menkinoski, Riste"]
[Result "0-1"]
[WhiteElo "1946"]
[BlackElo "2346"]
[PlyCount "80"]
[EventDate "2009.11.24"]
[EventType "swiss"]
[EventRounds "9"]
[EventCountry "YUG"]
[SourceTitle "CBM 133 Extra"]
[Source "ChessBase"]
[SourceDate "2010.01.05"]
[SourceVersion "1"]
[SourceVersionDate "2010.01.05"]
[SourceQuality "1"]

1. e4 c5 2. Nf3 d6 3. d4 cxd4 4. Nxd4 Nf6 5. Nc3 Nc6 6. Bb5 Bd7 7. 0-0 g6 8. Bg5 Bg7 9. Re1 0-0 10. Bxc6 bxc6 11. e5 dxe5 12. Rxe5 Re8 13. Re1 c5 14. Nb3 c4 15. Nc5 Bg4 16. Qc1 Qa5 17. N5e4 Nxe4 18. Nxe4 Bf5 19. c3 Qd5 20. Ng3 Be6 21. Be3 h5 22. Qc2 h4 23. Ne2 Bf5 24. Qd2 Qb7 25. Nd4 h3 26. f3 Bd7 27. Rf1 e5 28. Nc2 hxg2 29. Kxg2 Rad8 30. Qc1 Bc6 31. Rb1 f5 32. Bg5 Rd3 33. Kg1 e4 34. Re1 exf3 35. Kf2 Qb6+ 36. Kf1 Be4 37. Be3 Qc7 38. Bf4 Qc6 39. Re3 Rxe3 40. Nxe3 Bxb1 0-1